O príncipe e o mendigo (Record no. 57085)

MARC details
000 -LÍDER
campo de controle de tamanho fixo 00374 a2200169 4500
001 - NÚMERO DE CONTROLE
campo de controle 57085
020 ## - ISBN - INTERNATIONAL STANDARD BOOK NUMBER
ISBN - International Standard Book Number 9788526282247
040 ## - FONTE DA CATALOGAÇÃO
Instituição que transcreveu o registro Anchieta - Pituba
100 ## - ENTRADA PRINCIPAL--NOME PESSOAL
Nome pessoal Lopes, Cláudia
240 10 - TÍTULO UNIFORME
Título uniforme O príncipe e o mendigo
Idioma da obra por
245 10 - TÍTULO
Título O príncipe e o mendigo
300 ## - DESCRIÇÃO FÍSICA
Extensão 104
362 0# - DATAS DE PUBLICAÇÃO E/OU DESIGNAÇÃO SEQUENCIAL
Datas de publicação e/ou designação sequencial 2001
440 #1 - DECLARAÇÃO DE SÉRIE/ENTRADA ADICIONADA--TÍTULO
Título Scipione
650 #4 - ASSUNTO--TERMO TÓPICO
Cabeçalho tópico ou nome geográfico Literatura juvenil
942 ## - ELEMENTOS DE ENTRADA ADICIONADOS (KOHA)
Tipo de material Koha Livros
Holdings
Situação do descarte Situação das perdas Situação física Não pode ser emprestado Biblioteca de origem Biblioteca atual Data de aquisição Total de empréstimos Código de barras Data de último acesso Data do preço efetivo Tipo de material Koha Número de chamada completo
        Canadian School of Niterói - Piratininga Canadian School of Niterói - Piratininga 09/02/2024   A05999 09/02/2024 09/02/2024 Livros TWA
        Colégio Anchieta - Pituba Colégio Anchieta - Pituba 21/11/2023   6932/PIT 21/11/2023 21/11/2023 Livros  
        Colégio Anchieta - Pituba Colégio Anchieta - Pituba 21/11/2023   17207/PIT 21/11/2023 21/11/2023 Livros 813 T969p TWA PRI
        Colégio Anchieta - Pituba Colégio Anchieta - Pituba 21/11/2023   23819/PIT 21/11/2023 21/11/2023 Livros LJ 028.5 L864p LOP PRI
        Leonardo Da Vinci - Alphaville 2 Leonardo Da Vinci - Alphaville 2 27/03/2024   2A325 27/03/2024 27/03/2024 Livros 028.5 L864p